000 00596nam a22002177a 4500
003 UA-OsUOA
001 47474
007 ta
008 20070724b un ||||| |||| 00| 0 ukr d
090 _a81,374,822
942 _cBK
040 _aUA-OsUOA
_bukr
_cUA-OsUOA
_dUA-OsUOA
245 _aФранцузько-український словник
300 _a416 с.
955 _a2
041 _aukr
080 _a81,374,822
260 _aК.
_c1989
650 7 _a8 Мовознавство. Художня література. Літературознавство
_2UDC
999 _c333571
_d333571